Історія держави і права зарубіжних країн (Запис № 310970)

МАРК-запис
000 -Лідер
fixed length control field 00889nam a22002537a 4500
003 - Ідентифікатор контрольного номера
control field UA-OsUOA
001 - Контрольний номер
control field 24690
007 - Фіксоване поле фізичного опису
fixed length control field ta
008 - Елементи даних фіксованої довжини – загальна інформація
fixed length control field 20040226b un ||||| |||| 00| 0 ukr d
090 ## - Локальний шифр розміщення
Класифікаційний індекс УДК 340.12(091)(075.8)
Авторський знак (НП) Ш37
040 ## - Джерело каталогізації
Агенція оригінальної каталогізації UA-OsUOA
Мова каталогізації ukr
Агенція, яка здійснювала перезапис UA-OsUOA
Агенція, яка здійснювала модифікацію UA-OsUOA
041 ## - Код мови
Код мови тексту/ звукової доріжки чи окремого заголовка (П) ukr
080 ## - Індекс Універсальної десяткової класифікації
Індекс Універсальної десяткової класифікації (УДК) (НП) 340.12(091)(075.8)
020 ## - Міжнародний стандартний книжковий номер (ISBN)
Міжнародний стандартний книжковий номер (ISBN) (НП) 5-7707-6819-3
044 ## - Код країни видавця/ виробника
Код країни видавця/ виробника (П) UA
100 ## - Основне введення – ім’я особи
Ім’я особи (НП) Шевченко О.О.
245 ## - Відомості про назву
Назва (НП) Історія держави і права зарубіжних країн
Решта назви (НП) Навчальний посібник для студентів юридичних вузів та факультетів
260 ## - Публікація, розповсюдження і т.п. (Вихідні дані)
Місце публікації, розповсюдження і т.п. (П) Київ
Ім’я/ наймення видавництва, розповсюджувача і т.п. (П) Вентурі
Дата публікації, розповсюдження і т.п. (П) 1995
300 ## - Фізичний опис
Обсяг 256 с.
650 #7 - Додаткове предметне введення – тематичний термін
Тематичний термін чи географічна назва, як елемент введення (НП) 340 Право в цілому. Пропедевтика. Методи та допоміжні правничі науки
Джерело заголовка чи терміна UDC
942 ## - Додаткові елементи входу (Коха)
Тип елемента Koha Книги
955 ## - Код типу видання за змістом
Код типу видання за змістом (НП) інше
Фонди
Стан вилучень Стан втрат Джерело класифікації або схеми стелажів Стан уражень Не для кредиту Постійне місце розташування Поточне розміщення Дата придбання Вартість, звичайна ціна покупки Інвентарний номер Усього замовленно Повний номер виклику Штрих-код Дата останнього перегляду Ціна ефективна від Тип елемента Koha Дата останньої перевірки
    Universal Decimal Classification     АБ - Абонемент НБ АБ - Абонемент НБ 07/02/2005 23.58 20321   340.12(091)(075.8) Ш37 20321 13/12/2021 26/02/2004 Книги  
Withdrawn   Universal Decimal Classification   Not For Loan АБ - Абонемент НБ АБ - Абонемент НБ 10/08/2006   54526   340.12(091)(075.8) Ш37 54526 13/07/2019 26/02/2004 Книги  
Withdrawn   Universal Decimal Classification     АБ - Абонемент НБ АБ - Абонемент НБ 10/08/2006   54527   340.12(091)(075.8) Ш37 54527 13/07/2019 26/02/2004 Книги  
    Universal Decimal Classification     АБ - Абонемент НБ АБ - Абонемент НБ 10/08/2006   54530   340.12(091)(075.8) Ш37 54530 13/12/2021 26/02/2004 Книги  
    Universal Decimal Classification     АБ - Абонемент НБ АБ - Абонемент НБ 20/05/2024     1 340.12(091)(075.8) Ш37 20322 12/12/2025 20/05/2024 Книги 20/05/2024
    Universal Decimal Classification     ЧЗ - Читальна зала ЧЗ - Читальна зала 25/08/2005   66913 3 340.12(091)(075.8) Ш37 66913 06/02/2022 26/02/2004 Книги 15/10/2019
    Universal Decimal Classification     ЧЗ - Читальна зала ЧЗ - Читальна зала 26/02/2004 50.63 66914   340.12(091)(075.8) Ш37 66914 06/02/2022 26/02/2004 Книги  
    Universal Decimal Classification     ЧЗ - Читальна зала ЧЗ - Читальна зала 26/02/2004 10.00 66915   340.12(091)(075.8) Ш37 66915 06/02/2022 26/02/2004 Книги  
    Universal Decimal Classification     ЧЗ - Читальна зала ЧЗ - Читальна зала 25/08/2005   66916   340.12(091)(075.8) Ш37 66916 06/02/2022 26/02/2004 Книги